[Event "7th LCT 2013"]
[Site "Leiden NED"]
[Date "2013.07.13"]
[Round "2.9"]
[White "Hasangatin, Ramil"]
[Black "Van der Marel, Bert"]
[Result "1-0"]
[WhiteTitle "GM"]
[WhiteElo "2489"]
[BlackElo "2176"]
[WhiteFideId "4122160"]
[BlackFideId "1005855"]
[EventDate "2013.07.12"]

1. d4 Nf6 2. Nc3 d5 3. Bg5 c6 4. e3 Bf5 5. Bxf6 exf6 6. Bd3 Bxd3 7. Qxd3 Bd6 8.
e4 dxe4 9. Qxe4+ Qe7 10. Qxe7+ Bxe7 11. O-O-O O-O 12. Nf3 Nd7 13. d5 cxd5 14.
Nxd5 Bc5 15. b4 Bd6 16. Ne3 1-0

[Event "7th LCT 2013"]
[Site "Leiden NED"]
[Date "2013.07.13"]
[Round "2.10"]
[White "Blom, Vincent"]
[Black "Zhou, Yang-Fan"]
[Result "1-0"]
[BlackTitle "IM"]
[WhiteElo "2167"]
[BlackElo "2469"]
[WhiteFideId "1014358"]
[BlackFideId "468584"]
[EventDate "2013.07.12"]

1. d4 Nf6 2. g3 d6 3. Bg2 e5 4. d5 g6 5. e4 Bg7 6. c4 O-O 7. f3 Nh5 8. Nh3 f5 9.
O-O f4 10. g4 Nf6 11. Nf2 Rf7 12. Qc2 Bf8 13. Bd2 Be7 14. Rc1 Nbd7 15. Be1 g5
16. Nd2 h5 17. h3 Rh7 18. b4 Nf8 19. c5 Ng6 20. c6 b6 21. a4 Qf8 22. Qd1 Nh4 23.
Bh1 a5 24. Nf1 axb4 25. Bxb4 Ng6 26. Nh2 Qh6 27. a5 b5 28. a6 hxg4 29. fxg4 f3
30. Qxf3 Nf4 31. Bg2 Rf7 32. a7 Qh4 33. Be1 Qh7 34. Bd2 Qh4 35. Bxf4 gxf4 36.
Qe2 Nh7 37. Nf3 Qh6 38. Qxb5 Rf8 39. Rcb1 Ng5 40. Nxg5 Bxg5 41. Bf3 Bxg4 42.
Nxg4 Qxh3 43. Qf1 Qh8 44. Kf2 Qg7 45. Qh3 Rf7 46. Rb8+ Rf8 47. Rxa8 Rxa8 48. Rb1
Qf8 49. Qh5 Qd8 50. Qg6+ Kf8 51. Rb8 1-0

[Event "7th LCT 2013"]
[Site "Leiden NED"]
[Date "2013.07.13"]
[Round "2.12"]
[White "Overeem, Marc"]
[Black "Hendriks, Willy"]
[Result "0-1"]
[WhiteTitle "FM"]
[BlackTitle "IM"]
[WhiteElo "2139"]
[BlackElo "2417"]
[WhiteFideId "1004972"]
[BlackFideId "1000713"]
[EventDate "2013.07.12"]

1. c4 g6 2. Nc3 Bg7 3. g3 d6 4. Bg2 e5 5. d3 Nc6 6. e4 h5 7. h4 Nd4 8. Nce2 c5
9. Nxd4 cxd4 10. Ne2 Nh6 11. O-O O-O 12. b4 Be6 13. Bd2 Qd7 14. b5 f5 15. exf5
gxf5 16. Bxh6 Bxh6 17. f4 Rf7 18. Kh2 Kh8 19. Qe1 Rg8 20. Qf2 Rfg7 21. Rg1 Rxg3
22. Nxg3 Bxf4 23. Bh3 Qd8 24. Rg2 Qxh4 25. Rag1 Be3 26. Nxf5 Bf4+ 27. Qxf4 Qxf4+
28. Rg3 Bxf5 0-1

[Event "7th LCT 2013"]
[Site "Leiden NED"]
[Date "2013.07.13"]
[Round "2.13"]
[White "Epishin, Vladimir"]
[Black "Kouwenhoven, Arjen"]
[Result "1-0"]
[WhiteTitle "GM"]
[WhiteElo "2598"]
[BlackElo "2004"]
[WhiteFideId "4162714"]
[BlackFideId "1013416"]
[EventDate "2013.07.12"]

1. d4 Nf6 2. c4 c5 3. d5 e6 4. Nc3 exd5 5. cxd5 d6 6. e4 g6 7. Bd3 Bg7 8. Nge2
O-O 9. O-O a6 10. a4 Re8 11. h3 Nbd7 12. Ng3 Qc7 13. Be3 Rb8 14. Rc1 Qa5 15. Bd2
Qb6 16. b3 Qd8 17. Re1 b6 18. f4 Bb7 19. Qf3 Qc7 20. Bc4 Rf8 21. Qd3 Ra8 22. Re2
Ne8 23. Kh1 Qd8 24. Rce1 f6 25. Nf1 Kh8 26. Nh2 Nc7 27. Qg3 Rb8 28. Nf3 Bc8 29.
e5 fxe5 30. fxe5 Rxf3 31. gxf3 Nxe5 32. Bg5 Qd7 33. f4 Nxc4 34. bxc4 Qxh3+ 35.
Qxh3 Bxh3 36. Ne4 b5 37. axb5 axb5 38. Nxd6 h6 39. Nf7+ Kg8 40. Nxh6+ Bxh6 41.
d6 Ne6 42. Bxh6 Kf7 43. Bg5 Nxg5 44. fxg5 Rd8 45. Re7+ Kg8 46. Re8+ Rxe8 47.
Rxe8+ Kf7 48. Re7+ Kf8 49. cxb5 1-0

[Event "7th LCT 2013"]
[Site "Leiden NED"]
[Date "2013.07.13"]
[Round "2.15"]
[White "Slingerland, Fred"]
[Black "Koes, Richard"]
[Result "1-0"]
[WhiteTitle "IM"]
[WhiteElo "2350"]
[BlackElo "1919"]
[WhiteFideId "1002473"]
[BlackFideId "1020528"]
[EventDate "2013.07.12"]

1. e4 e5 2. Nf3 Nc6 3. Bb5 Nf6 4. O-O Bc5 5. Bxc6 dxc6 6. Nxe5 Nxe4 7. Qe2 Qd5
8. d3 Qxe5 9. Qxe4 Qxe4 10. dxe4 Bg4 11. h3 Bh5 12. Bf4 O-O-O 13. Re1 f6 14. Nc3
g5 15. Be3 Bxe3 16. Rxe3 Rd2 17. Rc1 Rhd8 18. Kf1 R2d6 19. f3 Bf7 20. b3 Rd2 21.
Re2 h5 22. Rxd2 Rxd2 23. Nb1 Rd7 24. Ke2 h4 25. Nd2 Be6 26. Rd1 Kd8 27. Nf1 Rxd1
28. Kxd1 Ke7 29. Kd2 Kd6 30. Ke3 Ke5 31. Nd2 b5 32. f4+ gxf4+ 33. Kd3 c5 34.
Nf3+ Kd6 35. c4 c6 36. Nxh4 a6 37. Nf3 Bd7 38. e5+ fxe5 39. Ke4 bxc4 40. bxc4
Be6 41. Nxe5 f3 42. Nxf3 Bxc4 43. a3 Bf1 44. Ne1 c4 45. h4 Ke6 46. g4 Kf6 47.
Kd4 Be2 48. g5+ Kg6 49. Ng2 c5+ 50. Kc3 Kf5 51. Ne3+ Kf4 52. g6 Bd3 53. g7 Bh7
54. Nd5+ Kf5 55. Ne7+ 1-0

[Event "7th LCT 2013"]
[Site "Leiden NED"]
[Date "2013.07.13"]
[Round "2.16"]
[White "Van Der Velden, Bram"]
[Black "Zeven, Frank"]
[Result "1-0"]
[WhiteElo "2177"]
[BlackElo "1899"]
[WhiteFideId "1015753"]
[BlackFideId "1013190"]
[EventDate "2013.07.12"]

1. d4 Nf6 2. c4 c5 3. d5 b5 4. cxb5 a6 5. b6 a5 6. Nc3 Ba6 7. Nf3 Qxb6 8. g3 g6
9. Bg2 d6 10. O-O Bg7 11. Rb1 O-O 12. Bf4 Nbd7 13. h3 Rab8 14. Qd2 Rfd8 15. Rfe1
Nf8 16. e4 e6 17. dxe6 Nxe6 18. Bh6 Bb7 19. Bxg7 Kxg7 20. Nd5 Bxd5 21. exd5 Nc7
22. Nh4 Ng8 23. Re4 Re8 24. Ra4 Ra8 25. Rg4 Nh6 26. Qc3+ Kg8 27. Rf4 Re5 28. Rd1
Nb5 29. Qd2 Kg7 30. Nf3 Re7 31. a4 Nc7 32. Qc3+ Kg8 33. Ng5 f5 34. Rh4 Rb8 35.
Rxh6 Qxb2 36. Qxb2 Rxb2 37. Rh4 Ree2 38. Rxh7 Rxf2 39. Bh1 Ne8 40. Re1 Nf6 41.
Rf7 f4 42. Rxf6 fxg3 43. Rxg6+ Kf8 44. Ne6+ Kf7 45. Rxg3 1-0

[Event "7th LCT 2013"]
[Site "Leiden NED"]
[Date "2013.07.13"]
[Round "2.17"]
[White "Scherpenisse, Kees"]
[Black "Partenheimer, Axel"]
[Result "1/2-1/2"]
[WhiteElo "1954"]
[BlackElo "2157"]
[WhiteFideId "1012010"]
[BlackFideId "4646703"]
[EventDate "2013.07.12"]

1. d4 d5 2. c4 c6 3. b3 g6 4. Bb2 Bg7 5. Nf3 dxc4 6. bxc4 c5 7. e3 Nc6 8. Be2
Nh6 9. O-O Qb6 10. Bc3 cxd4 11. Nxd4 O-O 12. Nxc6 Qxc6 13. Bxg7 Kxg7 14. Qd4+
Qf6 15. Qxf6+ Kxf6 16. Nc3 e6 17. Rfd1 Ke7 18. Bf3 Rb8 19. Rab1 Rd8 20. Rxd8
Kxd8 21. c5 1/2-1/2

[Event "7th LCT 2013"]
[Site "Leiden NED"]
[Date "2013.07.13"]
[Round "2.18"]
[White "Weiland, Harro"]
[Black "Chevannes, Sabrina L"]
[Result "0-1"]
[BlackTitle "WFM"]
[WhiteElo "1935"]
[BlackElo "2136"]
[WhiteFideId "1006690"]
[BlackFideId "411280"]
[EventDate "2013.07.12"]

1. e4 c6 2. d4 d5 3. e5 c5 4. Be3 cxd4 5. Bxd4 Nc6 6. Be2 Nh6 7. Nf3 Nf5 8. c3
Nfxd4 9. cxd4 Qb6 10. Nc3 e6 11. O-O Bd7 12. Qd2 Be7 13. Rfd1 O-O 14. Na4 Qb4
15. b3 Rfc8 16. Qf4 b5 17. Nb2 Qa3 18. Nd3 Rc7 19. Rdc1 Rac8 20. Nc5 Nxd4 21.
Nxd4 Rxc5 22. Rxc5 Rxc5 23. Bd3 Qb2 24. Rb1 Qxa2 25. Rc1 Rxc1+ 26. Qxc1 Qa5 27.
Nc6 Ba3 28. Bxh7+ Kh8 0-1

[Event "7th LCT 2013"]
[Site "Leiden NED"]
[Date "2013.07.13"]
[Round "2.22"]
[White "Lecomte, Robin"]
[Black "Segers, Hans"]
[Result "1-0"]
[WhiteElo "1930"]
[BlackElo "2058"]
[WhiteFideId "1037170"]
[BlackFideId "1019350"]
[EventDate "2013.07.12"]

1. e4 e5 2. Nf3 Nc6 3. Bb5 a6 4. Ba4 Nf6 5. O-O Be7 6. Re1 b5 7. Bb3 d6 8. c3
O-O 9. d4 Bg4 10. d5 Nb8 11. a4 Nbd7 12. axb5 axb5 13. Rxa8 Qxa8 14. Na3 Rb8 15.
Bc2 b4 16. Nb1 Nc5 17. Nbd2 bxc3 18. bxc3 Nfd7 19. Nf1 Qa5 20. Bd2 Rb2 21. Ne3
Bxf3 22. Qxf3 Qa2 23. Rc1 Bg5 24. Qd1 Bxe3 25. Bxe3 Qc4 26. Qg4 Qa6 27. Qd1 h6
28. Ra1 Qc4 29. Ra8+ Kh7 30. Qf3 f6 31. Bxc5 Nxc5 32. Qf5+ 1-0

[Event "7th LCT 2013"]
[Site "Leiden NED"]
[Date "2013.07.13"]
[Round "2.23"]
[White "Blankert, Willem"]
[Black "Asefi, Zaheeruddeen"]
[Result "1-0"]
[BlackTitle "FM"]
[WhiteElo "2010"]
[BlackElo "2078"]
[WhiteFideId "1015850"]
[BlackFideId "11700025"]
[EventDate "2013.07.12"]

1. Nf3 Nf6 2. c4 d5 3. cxd5 Nxd5 4. d4 c6 5. e4 Nb6 6. Nc3 Bg4 7. Be2 e6 8. O-O
N8d7 9. h3 Bh5 10. Bf4 Nf6 11. a3 Be7 12. b4 a6 13. Be5 O-O 14. Qb3 Bg6 15. Bd3
Nfd5 16. Rad1 Nxc3 17. Qxc3 Bf6 18. Bc2 Bh5 19. g4 Bg6 20. Bf4 Rc8 21. Qb3 h6
22. Rfe1 Re8 23. Bb1 Be7 24. Ba2 Bd6 25. Ne5 Bh7 26. Qf3 Qc7 27. Bb3 Rcd8 28. h4
f6 29. Nd3 Bg6 30. Bxd6 Rxd6 31. Nc5 Bf7 32. a4 Qc8 33. Kg2 Nd7 34. e5 fxe5 35.
Ne4 Qc7 36. Nxd6 Qxd6 37. dxe5 Qc7 38. Qe4 Nf8 39. h5 Qe7 40. Qf4 Qh4 41. Rh1
Qe7 42. Rd6 Nd7 43. Rhd1 Nb6 44. Kg3 Nd5 45. Bxd5 exd5 46. Qd4 Bxh5 47. gxh5
Qg5+ 48. Qg4 Qxe5+ 49. Qf4 Qxh5 50. f3 Re2 51. Rh1 Qe8 52. Rhxh6 gxh6 53. Qg4+
Kf8 54. Rf6+ 1-0

[Event "7th LCT 2013"]
[Site "Leiden NED"]
[Date "2013.07.13"]
[Round "2.25"]
[White "Bakker, Joop"]
[Black "Fernandez Rivero, Karla July"]
[Result "0-1"]
[BlackTitle "WFM"]
[WhiteElo "1990"]
[BlackElo "2097"]
[WhiteFideId "1012100"]
[BlackFideId "3517489"]
[EventDate "2013.07.12"]

1. b3 e5 2. Bb2 Nc6 3. e3 Nf6 4. Bb5 d6 5. Ne2 Be7 6. d4 exd4 7. Nxd4 Bd7 8.
Bxc6 Bxc6 9. Nxc6 bxc6 10. O-O O-O 11. c4 Ne4 12. Nc3 Nxc3 13. Bxc3 Bf6 14. Bxf6
Qxf6 15. Qf3 Qxf3 16. gxf3 c5 17. Rfd1 a5 18. e4 f6 19. f4 Rfe8 20. f3 Kf7 21.
Rab1 Rab8 22. Kf2 Rb4 23. Ke3 a4 24. Kd3 Ra8 25. Kc3 axb3 26. axb3 Ke6 27. Ra1
Rbb8 28. Ra4 g5 29. Rd5 Rxa4 30. f5+ Kd7 31. bxa4 Rb4 32. Rd2 Rxa4 33. Kb3 Ra1
34. Rf2 Rc1 35. f4 g4 36. h3 Rb1+ 37. Kc3 Rc1+ 38. Kb3 Rb1+ 39. Kc3 gxh3 40. Rh2
Ra1 41. Kb3 Re1 42. Rxh3 Rxe4 43. Rxh7+ Re7 44. Rh6 Rf7 45. Rh8 Kc6 46. Re8 Rh7
47. Re6 Rf7 48. Re8 Kd7 49. Rh8 Re7 50. Rf8 Re4 51. Rxf6 Ke7 52. Rh6 Rxf4 53.
Rh7+ Kf6 54. Rxc7 Kxf5 55. Rf7+ Ke5 56. Re7+ Kd4 57. Re6 Rf3+ 58. Kc2 Kxc4 59.
Rxd6 Rf2+ 60. Kb1 Kc3 61. Rh6 Rf1+ 62. Ka2 Rd1 63. Rh3+ Rd3 64. Rh1 Kc2 65. Rh2+
Rd2 66. Rh5 c4 67. Rc5 c3 68. Rh5 Kc1+ 69. Kb3 c2 70. Kc3 Kb1 71. Rb5+ Kc1 72.
Rh5 Rd7 73. Rh1+ Rd1 74. Rh5 Rg1 75. Rh8 Rg3+ 76. Kd4 Kb2 77. Rb8+ Rb3 0-1

[Event "7th LCT 2013"]
[Site "Leiden NED"]
[Date "2013.07.13"]
[Round "2.27"]
[White "Klop, Tjomme"]
[Black "Kolodkin, Daniil"]
[Result "1-0"]
[WhiteElo "2069"]
[BlackElo "1979"]
[WhiteFideId "1027115"]
[BlackFideId "1039776"]
[EventDate "2013.07.12"]

1. d4 Nf6 2. c4 g6 3. Nc3 d5 4. Nf3 Bg7 5. Bg5 Ne4 6. cxd5 Nxg5 7. Nxg5 e6 8.
Qd2 exd5 9. Qe3+ Kf8 10. Qf4 Bf6 11. h4 h6 12. Nf3 Kg7 13. O-O-O g5 14. hxg5
hxg5 15. Rxh8 Kxh8 16. Qh2+ Kg7 17. e4 g4 18. Ne5 Bg5+ 19. Kb1 f6 20. f4 Bh6 21.
Qxh6+ Kxh6 22. Nf7+ Kg7 23. Nxd8 1-0

[Event "7th LCT 2013"]
[Site "Leiden NED"]
[Date "2013.07.13"]
[Round "2.30"]
[White "Orlova, Yelizaveta"]
[Black "Van Zetten, Maarten"]
[Result "1/2-1/2"]
[WhiteTitle "WC"]
[WhiteElo "1942"]
[BlackElo "2044"]
[WhiteFideId "2601826"]
[BlackFideId "1006568"]
[EventDate "2013.07.12"]

1. b3 d5 2. Bb2 Nf6 3. f4 Bf5 4. Nf3 c6 5. e3 Nbd7 6. Be2 e6 7. O-O h6 8. h3 Bh7
9. c4 Bd6 10. Qe1 Qe7 11. Ne5 O-O-O 12. d3 Kb8 13. Bc3 dxc4 14. Nxc4 Bc7 15. e4 1/2-1/2

[Event "7th LCT 2013"]
[Site "Leiden NED"]
[Date "2013.07.13"]
[Round "2.31"]
[White "Kerkvliet, Max"]
[Black "Vreeburg, Jan"]
[Result "1/2-1/2"]
[WhiteElo "2042"]
[BlackElo "1922"]
[WhiteFideId "1025546"]
[BlackFideId "1019066"]
[EventDate "2013.07.12"]

1. d4 Nf6 2. Nf3 d5 3. c4 c6 4. Nc3 e6 5. Bg5 Be7 6. e3 Nbd7 7. Bd3 dxc4 8. Bxc4
b5 9. Be2 a6 10. Nd2 Bb7 11. Bf3 e5 12. Bxf6 Bxf6 13. Nde4 O-O 14. Nd6 Qc7 15.
Nxb7 Qxb7 16. d5 Nb8 17. dxc6 Nxc6 18. Qd6 Rac8 19. Nd5 Be7 20. Nxe7+ Qxe7 21.
Rd1 Rfd8 22. Qxe7 Rxd1+ 23. Kxd1 Nxe7 24. Bb7 Rd8+ 25. Ke2 a5 26. Rd1 Rxd1 27.
Kxd1 Kf8 28. Ba6 b4 29. Kc2 Nd5 30. Kd3 Nb6 31. Ke4 f6 32. Bb5 Ke7 33. h4 Ke6
34. g4 g6 35. g5 f5+ 36. Kd3 Kd6 37. Be8 Ke7 38. Bb5 Kd6 39. Bc4 Nd5 40. f3 Kc5
41. b3 Kd6 42. e4 Nf4+ 43. Ke3 Ke7 44. Ba6 Ne6 45. exf5 gxf5 46. Bd3 Ng7 47. h5
Nxh5 48. Bxf5 Nf4 49. Bxh7 Ne6 50. g6 Kf6 51. Bg8 Nf4 52. Ke4 Nxg6 53. Bh7 Nf4
54. Bf5 Ne2 55. Bc8 Nc3+ 56. Kd3 Nxa2 57. Kc4 Nc1 58. Bb7 Kf5 59. Bd5 Kf4 60.
Kb5 Nxb3 61. Bxb3 Kxf3 1/2-1/2

[Event "7th LCT 2013"]
[Site "Leiden NED"]
[Date "2013.07.13"]
[Round "2.33"]
[White "De Coverly, Roger D"]
[Black "Den Hartog, Marijn"]
[Result "0-1"]
[WhiteElo "2036"]
[BlackElo "1916"]
[WhiteFideId "405213"]
[BlackFideId "1046098"]
[EventDate "2013.07.12"]

1. e4 e6 2. d4 d5 3. Nd2 Nf6 4. e5 Nfd7 5. Ngf3 c5 6. c3 Nc6 7. Bd3 Be7 8. O-O
g5 9. dxc5 h5 10. b4 g4 11. Nd4 Ncxe5 12. Bb5 a6 13. Ba4 Qc7 14. f4 Nc6 15. Nxc6
bxc6 16. Nb3 Bb7 17. Be3 Bf6 18. Bd4 Ke7 19. Na5 Rac8 20. Qe2 Rh6 21. Rae1 Bxd4+
22. cxd4 Rf6 23. f5 Rf8 24. Qe3 Ba8 25. Qg5 Qb8 26. a3 Rg8 27. Qe3 Qc8 28. fxe6
fxe6 29. Rxf6 Nxf6 30. Qe5 Qd7 31. Bc2 h4 32. Bf5 Rg5 33. Qf4 Rg8 34. Bxe6 Qxe6
35. Rxe6+ Kxe6 36. Nxc6 Bxc6 37. Qd6+ Kf5 38. Qxc6 g3 39. Qxa6 gxh2+ 40. Kxh2
Ng4+ 41. Kg1 Ne3 42. Qe2 Ke4 43. c6 Kxd4 44. Kh2 h3 45. gxh3 Ke4 46. Qh5 Nf1+ 0-1

[Event "7th LCT 2013"]
[Site "Leiden NED"]
[Date "2013.07.13"]
[Round "2.34"]
[White "Tinga, Tjerk"]
[Black "Van Der Zon, Stef"]
[Result "0-1"]
[WhiteElo "2026"]
[BlackElo "1870"]
[WhiteFideId "1042718"]
[BlackFideId "1021451"]
[EventDate "2013.07.12"]

1. e4 c5 2. Nf3 Nc6 3. c3 d5 4. exd5 Qxd5 5. d4 Bg4 6. Be2 cxd4 7. cxd4 e6 8.
Nc3 Qd8 9. O-O Nf6 10. Be3 Be7 11. Qb3 Qc7 12. h3 Bh5 13. d5 exd5 14. Nxd5 Nxd5
15. Qxd5 Bg6 16. Rfd1 O-O 17. Qd7 Qb8 18. Nd4 Bf6 19. Rd2 Rd8 20. Qg4 Nxd4 21.
Bxd4 h5 22. Qf3 Rxd4 23. Rxd4 Bxd4 24. Rd1 Qe5 25. Qxb7 Be4 26. Qb4 Qg3 0-1

[Event "7th LCT 2013"]
[Site "Leiden NED"]
[Date "2013.07.14"]
[Round "3.1"]
[White "Zaragatski, Ilja"]
[Black "Howell, David W L"]
[Result "1-0"]
[WhiteTitle "IM"]
[BlackTitle "GM"]
[WhiteElo "2494"]
[BlackElo "2639"]
[WhiteFideId "4655192"]
[BlackFideId "410608"]
[EventDate "2013.07.12"]

1. c4 Nf6 2. Nc3 g6 3. g3 Bg7 4. Bg2 O-O 5. e4 c5 6. Nge2 Nc6 7. d3 d6 8. O-O
Ne8 9. Rb1 Nc7 10. a3 a5 11. Nd5 Bg4 12. f3 Bd7 13. Be3 Rb8 14. d4 cxd4 15. Nxd4
Nxd4 16. Bxd4 Bxd4+ 17. Qxd4 a4 18. f4 b5 19. e5 Nxd5 20. cxd5 b4 21. Rbc1 Qb6
22. Qxb6 Rxb6 23. Rc7 Rd8 24. e6 fxe6 25. Bh3 Kf8 26. dxe6 Bb5 27. Rfc1 d5 28.
f5 gxf5 29. Bxf5 bxa3 30. bxa3 Bc4 31. Ra7 Rdb8 32. Rxa4 Kg7 33. g4 Kf6 34. Ra7
h5 35. Rc3 hxg4 1-0

[Event "7th LCT 2013"]
[Site "Leiden NED"]
[Date "2013.07.14"]
[Round "3.2"]
[White "Hendriks, Willy"]
[Black "Sengupta, Deep"]
[Result "0-1"]
[WhiteTitle "IM"]
[BlackTitle "GM"]
[WhiteElo "2417"]
[BlackElo "2555"]
[WhiteFideId "1000713"]
[BlackFideId "5008352"]
[EventDate "2013.07.12"]

1. e4 e6 2. d4 d5 3. e5 c5 4. c3 Nc6 5. Nf3 Qb6 6. a3 Bd7 7. b4 cxd4 8. cxd4 Rc8
9. Bb2 Nge7 10. Nc3 Na5 11. Na4 Qc6 12. Nc5 Nc4 13. Bc1 Qc7 14. Bd3 h6 15. O-O
Nc6 16. Re1 b6 17. Bxc4 dxc4 18. Ne4 Qb7 19. Nd6+ Bxd6 20. exd6 O-O 21. Ne5 Nxe5
22. dxe5 f5 23. Bf4 c3 24. h4 Rc4 25. g3 Rfc8 26. Rc1 c2 27. Qh5 Be8 28. Qe2 Qd5
29. Kh2 Kh7 30. Qd2 Rd4 31. Qe2 Bb5 32. Qh5 Bc6 33. Rg1 Qf3 34. Qxf3 Bxf3 35.
Rge1 Rd1 36. a4 Kg6 37. a5 Kf7 38. axb6 axb6 39. Be3 Rc3 40. g4 Rxe1 41. Rxe1
Rxe3 0-1

[Event "7th LCT 2013"]
[Site "Leiden NED"]
[Date "2013.07.14"]
[Round "3.5"]
[White "Prohaszka, Peter2"]
[Black "Bernal Moro, Luis Javier"]
[Result "1-0"]
[WhiteTitle "GM"]
[BlackTitle "IM"]
[WhiteElo "2554"]
[BlackElo "2423"]
[WhiteFideId "726265"]
[BlackFideId "2200236"]
[EventDate "2013.07.12"]

1. d4 Nf6 2. c4 g6 3. Nc3 Bg7 4. e4 d6 5. Bd3 Nc6 6. d5 Ne5 7. Be2 c6 8. f4 Ned7
9. Be3 O-O 10. Nf3 cxd5 11. cxd5 Nb6 12. O-O e6 13. dxe6 Bxe6 14. Kh1 Re8 15. f5
Bd7 16. fxg6 hxg6 17. Ng5 Be6 18. Qe1 Nh7 19. Qh4 Nxg5 20. Bxg5 Qb8 21. Rad1 a6
22. Rd3 Nd7 23. g4 f6 24. Bxf6 Nxf6 25. Rxf6 Bxf6 26. Qxf6 Qc7 27. Qxg6+ Qg7 28.
Qxg7+ Kxg7 29. Rxd6 Rad8 30. Rb6 Re7 31. Kg2 Rh8 32. Kg3 Bf7 33. h4 Bg6 34. Bf3
Rf8 35. h5 Be8 36. Rd6 Re5 37. Bg2 Rf7 38. Nd5 Bc6 39. h6+ Kh8 40. Nf6 Rf8 41.
Kf4 Re7 42. g5 Be8 43. Rd8 1-0

[Event "7th LCT 2013"]
[Site "Leiden NED"]
[Date "2013.07.14"]
[Round "3.6"]
[White "Blom, Vincent"]
[Black "Epishin, Vladimir"]
[Result "0-1"]
[BlackTitle "GM"]
[WhiteElo "2167"]
[BlackElo "2598"]
[WhiteFideId "1014358"]
[BlackFideId "4162714"]
[EventDate "2013.07.12"]

1. d4 g6 2. g3 Bg7 3. Bg2 Nc6 4. Nf3 d5 5. O-O e6 6. e3 b5 7. a4 b4 8. a5 Nge7
9. Nbd2 O-O 10. Nb3 Rb8 11. Qe2 Nf5 12. Nc5 Nd6 13. Nd2 Ne7 14. c4 bxc3 15. bxc3
e5 16. g4 c6 17. h3 Re8 18. Qd1 g5 19. Ra2 Ng6 20. dxe5 Nb5 21. Qc2 Qe7 22. Ncb3
Nxe5 23. Nd4 Ba6 24. Nf5 Qc5 25. c4 Nxc4 26. Nxg7 Kxg7 27. Bb2+ f6 28. Rc1 Nc7
29. Qf5 Rxb2 30. Rxb2 Re5 31. Qd7+ Re7 32. Qf5 Ne8 33. Nxc4 Bxc4 34. Qc8 Nd6 35.
Qb8 Nb5 36. Qg3 Qa3 37. Rbb1 Nc3 38. Rxc3 Qxc3 39. Qd6 Rf7 40. Qd8 Bb5 41. e4
Qd3 42. Re1 Qd2 43. Rb1 d4 44. Qe8 Qf4 45. Bf1 d3 46. Rd1 Qd6 47. Rd2 a6 48. h4
c5 49. Qc8 0-1

[Event "7th LCT 2013"]
[Site "Leiden NED"]
[Date "2013.07.14"]
[Round "3.7"]
[White "Chevannes, Sabrina L"]
[Black "Van Den Doel, Erik"]
[Result "1/2-1/2"]
[WhiteTitle "WFM"]
[BlackTitle "GM"]
[WhiteElo "2136"]
[BlackElo "2582"]
[WhiteFideId "411280"]
[BlackFideId "1003720"]
[EventDate "2013.07.12"]

1. d4 Nf6 2. Nf3 d5 3. c4 dxc4 4. e3 Bg4 5. Bxc4 e6 6. O-O a6 7. a4 Nc6 8. h3
Bh5 9. Nc3 Bd6 10. Be2 O-O 11. Nd2 Bg6 12. Nc4 Nb4 13. Bd2 c5 14. Nxd6 Qxd6 15.
dxc5 Qxc5 16. Rc1 Rfd8 17. Ne4 Qe5 18. Qb3 Bxe4 19. Bxb4 Qg5 20. f3 Bd3 21. f4
Qf5 22. Rc5 Qe4 23. Re5 Bc2 24. Qa3 Qg6 25. Rg5 Qh6 26. Rc1 Be4 27. Bc3 Rd5 28.
Be5 Ne8 29. Rh5 Qg6 30. Rg5 Qh6 31. Rh5 Qg6 32. Rg5 Qh6 1/2-1/2

[Event "7th LCT 2013"]
[Site "Leiden NED"]
[Date "2013.07.14"]
[Round "3.12"]
[White "Wantola, Ivo"]
[Black "Thakoerdien, Jerrel"]
[Result "1-0"]
[WhiteTitle "FM"]
[WhiteElo "2374"]
[BlackElo "2083"]
[WhiteFideId "1016067"]
[BlackFideId "1037439"]
[EventDate "2013.07.12"]

1. Nf3 Nf6 2. c4 g6 3. Nc3 Bg7 4. e4 d6 5. d4 O-O 6. h3 c5 7. Be3 cxd4 8. Nxd4
Nc6 9. Be2 Nxd4 10. Bxd4 Be6 11. O-O Nd7 12. Rc1 a5 13. b3 Bxd4 14. Qxd4 Qb6 15.
Qd2 Nc5 16. Rb1 Rfc8 17. Kh1 Qc6 18. f4 f6 19. Bf3 Qd7 20. Nd5 Bxd5 21. exd5 b5
22. cxb5 Qxb5 23. Rfe1 Kf7 24. Re3 Rc7 25. Rbe1 Rca7 26. f5 g5 27. Bh5+ Kf8 28.
a3 Rb7 29. Bd1 h6 30. Bc2 Kg7 31. Kh2 Kf8 32. Kh1 Kg7 33. Kh2 Kf8 34. Kh1 Kg7
35. h4 a4 36. hxg5 hxg5 37. b4 Nb3 38. Qd1 Qc4 39. Rh3 Rab8 40. Qh5 Rg8 41. Bd1
Kf8 42. Qh6+ Ke8 43. Bh5+ Kd7 44. Bf7 1-0

[Event "7th LCT 2013"]
[Site "Leiden NED"]
[Date "2013.07.14"]
[Round "3.13"]
[White "Fernandez Rivero, Karla July"]
[Black "Dahm, Jochen"]
[Result "1-0"]
[WhiteTitle "WFM"]
[BlackTitle "FM"]
[WhiteElo "2097"]
[BlackElo "2304"]
[WhiteFideId "3517489"]
[BlackFideId "4659350"]
[EventDate "2013.07.12"]

1. d4 Nf6 2. c4 c5 3. d5 b5 4. Qc2 bxc4 5. e4 d6 6. Bxc4 g6 7. Nf3 Bg7 8. O-O
O-O 9. Nc3 Nbd7 10. h3 Nb6 11. Be2 a5 12. a4 Ne8 13. Bf4 Nc7 14. Qd2 Ba6 15. Bh6
Bxe2 16. Nxe2 Qd7 17. Bxg7 Kxg7 18. b3 f5 19. Nc3 fxe4 20. Ng5 Rf5 21. Ngxe4
Raf8 22. Ng3 Rf4 23. Rad1 Kg8 24. Qe3 Rb4 25. Na2 Nbxd5 26. Qg5 Rd4 27. Ne2 Ne6
28. Qc1 Nef4 29. Nxd4 cxd4 30. Qc4 e5 31. Nc1 Rc8 32. Qa6 Rc2 33. Nd3 Ne2+ 34.
Kh1 Rc3 35. Qa8+ Kg7 36. Qxd5 Qf5 37. Qxd6 Rxd3 38. Rxd3 Qxd3 39. Qxe5+ Kh6 40.
Re1 Nc3 41. Qf4+ 1-0

[Event "7th LCT 2013"]
[Site "Leiden NED"]
[Date "2013.07.14"]
[Round "3.14"]
[White "Molinaroli, Martin"]
[Black "Braggaar, Leonore"]
[Result "1-0"]
[WhiteElo "2298"]
[BlackElo "2080"]
[WhiteFideId "4606604"]
[BlackFideId "1017284"]
[EventDate "2013.07.12"]

1. d4 d5 2. Nf3 Nf6 3. Bf4 e6 4. c3 Be7 5. e3 O-O 6. Nbd2 Nbd7 7. Bd3 c5 8. Ne5
Re8 9. g4 cxd4 10. exd4 Nxe5 11. dxe5 Nd7 12. Qc2 Nf8 13. O-O-O Bd7 14. Be3 Qa5
15. Kb1 Bb5 16. Nb3 Bxd3 17. Qxd3 Qc7 18. f4 a5 19. Bd4 Nd7 20. Rhe1 Bf8 21. Re3
g6 22. h4 b5 23. h5 a4 24. Nd2 Nc5 25. Qe2 Rab8 26. a3 Nb3 27. Nxb3 axb3 28. Rh3
Bc5 29. Bxc5 Qxc5 30. Rd4 b4 31. hxg6 fxg6 32. Qh2 Re7 33. Rxb4 Rxb4 34. cxb4
Qc4 35. Qh1 Qc2+ 36. Ka1 Rc7 37. Qb1 d4 38. b5 Qc4 39. b6 Rb7 40. Qh1 Qb5 41.
Rxb3 Qxb3 42. Qxb7 d3 43. Qc8+ Kg7 44. Qd7+ Kh6 45. Qe7 Qd1+ 46. Ka2 Qxg4 47.
Qg5+ 1-0